000 00563nam a2200205Ia 4500
005 20250923144631.0
008 008 250917s9999 xx 000 0 eng d
037 _aTextual
040 _aDSWL
_beng
_cDSWL
041 _aeng
_2eng
084 _aYN51, J6
_qDSWL
100 _aVasto, Lanza Del
_9826836
245 0 _aGandhi to Vinoba, The new pilgrimage
_cby Lanza Del Vasto
260 _aLondon
_bRiden & Co.
_c1956
300 _a231p.
365 _aINR
_b20
925 _g20
942 _cTEXL
_hYN51, J6
999 _c1441441
_d1441441